| 000 | 00410nam a22001697a 4500 | ||
|---|---|---|---|
| 003 | SGT | ||
| 020 | _a9788178553155 | ||
| 082 |
_a612 _bM13J |
||
| 100 | _aJAIN, A.K. | ||
| 245 | _aMANUAL OF PRACTICAL PHYSIOLOGY FOR MBBS | ||
| 250 | _a4TH | ||
| 260 |
_aINDIA _bARYA PUB _c2013 |
||
| 300 | _a355 | ||
| 650 | _aHUMAN PHYSIOLOGY | ||
| 653 | _aMANUAL OF PRACTICAL PHYSIOLOGY FOR MBBS | ||
| 942 |
_2ddc _cBK _020 |
||
| 999 |
_c23514 _d23514 |
||